000 00236nam a2200097Ia 4500
005 20251222144830.0
008 251222s9999||||xx |||||||||||||| ||spa||
082 _a338.938.5/B12
245 0 _aReporte de desarrollo sostenible
942 _cLIB
999 _c20821
_d20821